00784nam a2200265 4500003000400000005001700004008004100021020001900062040001800081041001400099050002300113100002700136240003400163245004900197264006100246264001100307300001800318336002200336337002400358338002400382500003100406650002500437650002800462700002800490OSt20260530113848.0260417b2014 mx |||| |||| 00| 0 spa d a 9786079377571 aICIbspacICI1 aspa heng aBF441bB42318 20141 aBono, Edward ded1933-10aSix thinking hats.lEspañol10aSeis sombreros para pensar /cEdward de Bono 1bEdiciones Culturales Paidós,c[2014]aMéxico, D.F. : 4c©2014 a247 páginas atexto2rdacontent asin medio2rdamedia avolumen2rdacarrier aReimpresiones: (2a : 2015)4 aPensamiento creativo4 aSolución de problemas1 aDe Bono, Edward,d1933-